000 01385pab a2200169 454500
008 180718b2005 xxu||||| |||| 00| 0 eng d
100 _aPage, Edward C.
245 _aIs competency management a passing FAD? Conclusion
260 _c2005
300 _ap.853-60
520 _aIs competency management a passing fad; is it a catch-all term to cover diverse national patterns of development or a symptom of wider changes within bureaucracies? As the papers published here suggest, it is more likely to be a passing fad in Europe that the USA. Competency management addresses rather different agendas in different countries and while it does not embrace as diverse a collection of activities as `new public management', there is substantial range in the issues it does address. European experience suggests competency is more likely to be ephemeral and concerned with repackaging rather than bringing something substantially new to personnel management in the upper reaches of civil services. Without taking too may a view of US experience, there may be a stronger case for arguing that contemporary competency management approaches there have brought something new to a longer standing debate in public and private management. - Reproduced.
650 _aCivil service
700 _aLodge, Martin
700 _aHood, Christopher
773 _aPublic Administration
909 _a69433
999 _c69433
_d69433